00280 a2200121 4500001000700000020001800007040001100025100001600036240004700052245004200099300000800141362000900149190670 a85-336-2003-9 cMagnum aHearn, Lian10aA saga otori: a relva por travesseirolpor10aA saga otori: a relva por travesseiro a3090 a2004